[Event "3. Open Bohumin 2020"]
[Site "Bohumin"]
[Date "2020.07.22"]
[Round "5.6"]
[White "Dobrovolsky, Ladislav"]
[Black "Sramek, Vojtech"]
[Result "1/2-1/2"]
[WhiteElo "2277"]
[BlackElo "2177"]
[Annotator "RC"]
[PlyCount "118"]
[EventDate "2020.07.18"]
[EventType "swiss"]
[EventCountry "CZE"]
[SourceTitle "playchess.com"]
[Source "ChessBase"]
[SourceQuality "1"]
[TimeControl "40/5400+30:900+30"]

1. Nf3 {[%emt 0:00:00]} c5 {[%emt 0:00:00]} 2. c4 {[%emt 0:00:00]} Nc6 {[%emt 0:00:00]} 3. d4 {[%emt 0:00:02]} cxd4 {[%emt 0:00:02]} 4. Nxd4 {[%emt 0:00:03]} g6 {[%emt 0:00:08]} 5. Nc3 {[%emt 0:00:50]} Bg7 {[%emt 0:00:09]} 6. e3 {[%emt 0:00:58]} Nf6 {[%emt 0:02:46]} 7. Be2 {[%emt 0:01:40]} O-O {[%emt 0:06:05]} 8. O-O {[%emt 0:01:36]} d5 {[%emt 0:18:27]} 9. cxd5 {[%emt 0:02:09]} Nxd5 {[%emt 0:00:28]} 10. Nxd5 {[%emt 0:01:04]} Qxd5 {[%emt 0:00:06]} 11. Bf3 {[%emt 0:01:37]} Qc5 {[%emt 0:01:56]} 12. Nxc6 {[%emt 0:01:42]} bxc6 {[%emt 0:00:19]} 13. Qa4 {[%emt 0:03:00]} Rb8 {[%emt 0:07:26]} 14. Rb1 {[%emt 0:04:58]} Rb4 {[%emt 0:20:08]} 15. Qa3 {[%emt 0:00:57]} Rd8 {[%emt 0:02:16]} 16. Bxc6 {[%emt 0:10:16]} a5 {[%emt 0:03:59]} 17. Bf3 {[%emt 0:02:44]} Ba6 {[%emt 0:01:35]} 18. Re1 {[%emt 0:04:26]} Rd3 {[%emt 0:09:48]} 19. b3 {[%emt 0:00:22]} Bc3 {[%emt 0:00:36]} 20. Bb2 {[%emt 0:02:17]} Bxe1 {[%emt 0:00:19]} 21. Rxe1 {[%emt 0:00:09]} Rd2 {[%emt 0:02:29]} 22. Bd4 {[%emt 0:02:19]} Qc7 {[%emt 0:00:13]} 23. h3 {[%emt 0:04:19]} Bd3 {[%emt 0:10:32]} 24. Rc1 {[%emt 0:13:27]} Rc2 {[%emt 0:00:05]} 25. Rd1 {[%emt 0:00:34]} e5 {[%emt 0:04:06]} 26. Bxe5 {[%emt 0:10:01]} Qxe5 {[%emt 0:00:08]} 27. Rxd3 {[%emt 0:00:11]} Qa1+ {[%emt 0:00:54]} 28. Rd1 {[%emt 0:00:16]} Qxa2 {[%emt 0:00:20]} 29. Qxa2 {[%emt 0:00:11]} Rxa2 {[%emt 0:00:04]} 30. Rd8+ {[%emt 0:00:14]} Kg7 {[%emt 0:00:07]} 31. Bd5 {[%emt 0:00:34]} Ra1+ {[%emt 0:01:54]} 32. Kh2 {[%emt 0:00:16]} Rd1 {[%emt 0:03:09]} 33. Rd7 {[%emt 0:05:46]} Kh6 {[%emt 0:00:06]} 34. g4 {[%emt 0:01:08]} Rb5 {[%emt 0:02:53]} 35. e4 {[%emt 0:01:12]} f5 {[%emt 0:02:00]} 36. gxf5 {[%emt 0:11:43]} gxf5 {[%emt 0:00:04]} 37. Ra7 {[%emt 0:02:39]} Rd2 {[%emt 0:00:45]} 38. Kg2 {[%emt 0:01:51]} Rd4 {[%emt 0:01:04]} 39. Kf3 {[%emt 0:04:11]} Kg5 {[%emt 0:01:17]} 40. Rg7+ {[%emt 0:01:32]} Kh6 {[%emt 0:00:20]} 41. Ra7 {[%emt 0:15:52]} fxe4+ {[%emt 0:10:44]} 42. Bxe4 {[%emt 0:00:00]} Kg5 {[%emt 0:00:04]} 43. Rg7+ {[%emt 0:00:00]} Kf6 {[%emt 0:00:08]} 44. Rxh7 {[%emt 0:00:00]} Rxb3+ {[%emt 0:00:24]} 45. Kf4 {[%emt 0:00:00]} Rb5 {[%emt 0:01:21]} 46. Rh6+ {[%emt 0:00:00]} Kg7 {[%emt 0:00:22]} 47. Rg6+ {[%emt 0:00:00]} Kf7 {[%emt 0:00:11]} 48. Ra6 {[%emt 0:00:00]} a4 {[%emt 0:01:33]} 49. h4 {[%emt 0:00:00]} Rh5 {[%emt 0:01:50]} 50. Ke3 {[%emt 0:00:00]} Rxe4+ {[%emt 0:00:08]} 51. Kxe4 {[%emt 0:00:12]} Rxh4+ {[%emt 0:00:07]} 52. f4 {[%emt 0:00:06]} a3 {[%emt 0:00:49]} 53. Rxa3 {[%emt 0:00:35]} Rh6 {[%emt 0:00:33]} 54. Ra7+ {[%emt 0:00:17]} Kf8 {[%emt 0:00:07]} 55. Kf5 {[%emt 0:00:44]} Rb6 {[%emt 0:00:04]} 56. Kg5 {[%emt 0:00:13]} Rb5+ {[%emt 0:00:16]} 57. f5 {[%emt 0:00:40]} Rb6 {[%emt 0:00:03]} 58. Rh7 {[%emt 0:00:26]} Ra6 {[%emt 0:00:26]} 59. Rb7 {[%emt 0:00:49]} Rc6 {[%emt 0:00:11]} 1/2-1/2

[Event "3. Open Bohumin 2020"]
[Site "Bohumin"]
[Date "2020.07.22"]
[Round "5.7"]
[White "Radecki, Adam"]
[Black "Galuszka, Tomasz"]
[Result "1/2-1/2"]
[WhiteElo "1895"]
[BlackElo "2255"]
[Annotator "ChessBase"]
[PlyCount "41"]
[EventDate "2020.07.18"]
[EventType "swiss"]
[EventCountry "CZE"]
[SourceTitle "playchess.com"]
[Source "ChessBase"]
[SourceQuality "1"]
[TimeControl "40/5400+30:900+30"]

1. e4 {[%emt 0:00:01]} c5 {[%emt 0:00:00]} 2. Nf3 {[%emt 0:00:38]} Nc6 {[%emt 0:00:00]} 3. d3 {[%emt 0:02:14]} e6 {[%emt 0:00:05]} 4. g3 {[%emt 0:00:08]} d5 {[%emt 0:00:24]} 5. Nbd2 {[%emt 0:00:05]} Nf6 {[%emt 0:00:10]} 6. Bg2 {[%emt 0:00:07]} Be7 {[%emt 0:01:09]} 7. O-O {[%emt 0:01:23]} Qc7 {[%emt 0:00:22]} 8. c3 {[%emt 0:01:16]} b6 {[%emt 0:01:32]} 9. Qc2 {[%emt 0:00:35]} dxe4 {[%emt 0:02:49]} 10. dxe4 {[%emt 0:01:29]} Ba6 {[%emt 0:05:02]} 11. Re1 {[%emt 0:01:35]} Rd8 {[%emt 0:03:48]} 12. Bf1 {[%emt 0:00:17]} Bb7 {[%emt 0:00:27]} 13. Nc4 {[%emt 0:00:22]} e5 {[%emt 0:09:35]} 14. Bg5 {[%emt 0:01:12]} O-O {[%emt 0:03:30]} 15. Bxf6 {[%emt 0:00:41]} Bxf6 {[%emt 0:00:32]} 16. Rad1 {[%emt 0:00:07]} Ne7 {[%emt 0:04:07]} 17. Bg2 {[%emt 0:05:02]} Bc6 {[%emt 0:09:26]} 18. h4 {[%emt 0:04:19]} g6 {[%emt 0:01:02]} 19. Ne3 {[%emt 0:01:26]} Bg7 {[%emt 0:02:06]} 20. c4 {[%emt 0:02:14]} Qb7 {[%emt 0:17:57]} 21. Nd5 {[%emt 0:01:43]} 1/2-1/2

[Event "3. Open Bohumin 2020"]
[Site "Bohumin"]
[Date "2020.07.22"]
[Round "5.8"]
[White "Fargac, Martin"]
[Black "Nytra, Ondrej"]
[Result "1-0"]
[WhiteElo "2306"]
[BlackElo "2112"]
[Annotator "TA"]
[PlyCount "61"]
[EventDate "2020.07.18"]
[EventType "swiss"]
[EventCountry "CZE"]
[SourceTitle "playchess.com"]
[Source "ChessBase"]
[SourceQuality "1"]

{[%evp 18,61,2,4,21,13,43,27,29,35,111,108,116,110,155,147,256,99,109,105,109,114,116,114,225,179,242,226,517,523,840,831,817,881,883,809,29981,29981,29973,29972,29989,29990,29996,29997,29997,29998]} 1. d4 d5 2. Nf3 c6 3. c4 e6 4. Nc3 Nf6 5. Bg5 Nbd7 6. e3 Be7 7. c5 O-O 8. Bd3 b6 9. b4 a5 10. a3 h6 {D60: Queen's Gambit Declined: Classical: Unusual White 7th moves.} 11. Bh4 {[#]} Nh7 $146 ({Predecessor:} 11... Bb7 12. O-O axb4 13. axb4 bxc5 14. bxc5 Qc7 15. Qc2 e5 16. Bg3 Nh5 17. Bxe5 Nxe5 18. Nxe5 {1-0 (29) Wagner,J (1344)-Steimle,M (1267) Playchess.com INT 2020}) 12. Bxe7 Qxe7 {White has an edge.} 13. O-O f5 ({Black should play} 13... Nhf6 $14) 14. cxb6 $16 Nxb6 15. Ne5 axb4 16. axb4 Bb7 (16... Qb7 $16 {was worth a try.} 17. Rxa8 Qxa8) 17. Na4 $2 (17. Ng6 $18 {and the rest is easy.} Qd6 18. Nxf8 Rxf8 19. Qc2) 17... Nxa4 18. Rxa4 Rxa4 19. Qxa4 {Black must now prevent Ng6.} Ra8 20. Qc2 $36 {[%mdl 2048] White is really pushing.} ({Wrong is} 20. Nxc6 $2 Qe8 $19) 20... Rc8 (20... Nf8 $16) 21. Qc5 Qd8 {[#]} (21... Qxc5 {is a better defense.} 22. bxc5 Nf6) 22. Ra1 $1 $18 {[%cal Ra1a7] aiming for Ra7.} Ra8 $2 (22... Nf6 23. Ra7 Rb8) 23. Rxa8 Qxa8 24. Qe7 Nf8 25. h3 Qc8 26. g4 fxg4 27. hxg4 {White mates.} Kh8 28. Qf7 Ba8 {[#]} 29. g5 $1 {[%mdl 512]} hxg5 30. Qh5+ {[%mdl 64] Double Attack} Kg8 {[#]} 31. Bh7+ $1 {[%mdl 512] Accuracy: White = 79%, Black = 37%.} 1-0

[Event "3. Open Bohumin 2020"]
[Site "Bohumin"]
[Date "2020.07.22"]
[Round "5.9"]
[White "Horvath, Tomas"]
[Black "Mrazek, Lumir"]
[Result "0-1"]
[WhiteElo "2027"]
[BlackElo "2333"]
[Annotator "TA"]
[PlyCount "114"]
[EventDate "2020.07.18"]
[EventType "swiss"]
[EventCountry "CZE"]
[SourceTitle "playchess.com"]
[Source "ChessBase"]
[SourceQuality "1"]

{[%evp 23,114,43,43,31,70,75,64,56,62,0,72,21,56,54,55,28,43,32,75,76,90,98,125,85,102,83,116,106,113,62,69,0,0,0,0,0,0,0,16,-9,0,-8,-20,-8,0,0,0,-172,0,0,0,0,0,0,42,0,0,0,1077,1067,967,943,681,298,291,262,300,0,0,0,0,0,0,0,0,0,0,0,-3,-156,-156,-156,-152,-149,-149,-127,-122,-29982,-29983,-29984,-29985,-29990,-29986]} 1. e4 c5 2. Nf3 d6 3. c4 Nc6 4. d4 cxd4 5. Nxd4 g6 6. Nc3 Bg7 7. Be3 Nf6 8. Be2 O-O 9. O-O Bd7 10. Qd2 Ng4 11. Bxg4 Bxg4 12. f3 Bd7 13. Rac1 {B38: Sicilian: Maroczy Bind with 5...Bg7 and 7...0-0.} f5 14. exf5 gxf5 15. Nxc6 {White is slightly better.} (15. Nde2 {feels hotter.} Rc8 16. Nd5 Rf7 17. Bg5 Qf8 18. Rfd1) 15... bxc6 {[#]} 16. f4 $146 (16. c5 $14) ({Predecessor:} 16. Bh6 Bxh6 17. Qxh6 Rf6 18. Qd2 e5 19. Rfe1 Qa5 20. Kh1 Re8 21. Re2 Qc7 22. Rd1 {1-0 (37) Graca,R (2183)-Pigula,M (2131) Chotowa 2009}) 16... Qe8 (16... c5 $11 {keeps the balance.}) 17. Rf3 (17. c5 $16) 17... Rf6 18. c5 Rd8 19. Re1 Re6 20. Rg3 Kh8 21. Rd1 Qf7 22. Bd4 ({But not} 22. cxd6 Rxd6 23. Qc2 Qc4 $11) 22... Rg8 23. Qf2 Be8 24. Rdd3 a5 25. Rxg7 Rxg7 26. Rg3 (26. Qd2 $16) 26... Reg6 $14 27. Rxg6 (27. Bxg7+ $14 Kxg7 28. Re3) 27... hxg6 $11 28. cxd6 exd6 29. Bxg7+ Kxg7 30. Qb6 Qe7 {[%cal Re7e1]} 31. h3 Qe1+ 32. Kh2 Qd2 33. Kg3 c5 34. Qb7+ Bf7 35. a3 $2 (35. Qe7 $11 {and White is okay.}) 35... d5 $2 (35... Qe1+ $1 $19 36. Kh2 Qf2) 36. Qe7 Qd3+ 37. Kh4 Qd2 38. Qe5+ Kf8 39. Qh8+ {[#]} (39. Kg5 $5 {[%cal Rg5h6]} Qd4 40. Qxd4 cxd4 41. Nb1 $14) 39... Ke7 $1 {[%mdl 512]} 40. Qe5+ Kd7 $2 {[%mdl 8192]} (40... Kf8 $11) 41. Nb5 $18 {White threatens Qd6+ and mate.} g5+ 42. fxg5 {Threatening mate with Qd6+.} Kc6 43. Na7+ (43. a4 $142 {[%csl Gb5][%cal Re5c7]} Qb4+ 44. g4 Qxa4 45. Na7+ Kb7 46. Qe7+ {[%mdl 64] Double Attack} Ka6 47. Qf6+ Kxa7 48. Qxf7+ {[%mdl 64] Double Attack} Kb6 49. g6 fxg4 50. hxg4) 43... Kd7 44. Qxf5+ Be6 45. Qf6 $2 ({White must play} 45. Qh7+ $18 Kd6 46. Nb5+ Kc6 47. Qc7+ Kxb5 48. Qb7+ Kc4 49. Qa6+ {[%mdl 64] Double Attack} Kb3 50. Qxe6) 45... Qxg2 $11 {[%csl Ge6][%cal Rg2h3]} 46. Kh5 Qxh3+ 47. Kg6 Qd3+ 48. Kg7 {And now Nc6! would win.} Qa6 49. Kh8 Qd6 50. g6 d4 {...d3 is the strong threat.} 51. a4 $2 ({White should try} 51. Qg7+ $1 $11 Ke8 52. Qf6) 51... Qb8+ 52. Kh7 Qh2+ ({Avoid the trap} 52... Qxb2 $2 53. Qg7+ Ke8 54. Qh8+ Ke7 55. Qe5 $18) 53. Kg7 {With the idea Nc6.} d3 $1 {[%cal Rd3d2] Threatens to win with ...d2.} ({Wrong is} 53... Qxb2 $2 54. Nc6 $1 $18 {[%mdl 512]}) 54. Nc6 {[#] Strongly threatening Ne5+.} d2 $1 55. Qe7+ $2 {[%mdl 8192]} (55. Ne5+ $17 Qxe5 56. Qxe5) 55... Kxc6 {Black mates.} 56. Qxe6+ Qd6 57. Qc4 Qd4+ {Never resign too early! Accuracy: White = 61%, Black = 79%.} 0-1

[Event "3. Open Bohumin 2020"]
[Site "Bohumin"]
[Date "2020.07.22"]
[Round "5.10"]
[White "Kolar, Stanislav"]
[Black "Czerw, Dawid"]
[Result "1-0"]
[WhiteElo "2057"]
[BlackElo "2287"]
[Annotator "TA"]
[PlyCount "83"]
[EventDate "2020.07.18"]
[EventType "swiss"]
[EventCountry "CZE"]
[SourceTitle "playchess.com"]
[Source "ChessBase"]
[SourceQuality "1"]

{[%evp 18,83,3,0,0,0,0,0,12,6,39,0,50,63,70,58,68,0,63,29,24,0,0,0,0,0,0,0,-7,-14,0,0,0,0,22,0,0,-20,-20,-24,32,33,46,16,19,0,0,0,0,0,82,44,77,-54,158,156,167,140,435,435,429,431,419,419,407,404,381,333]} 1. Nf3 c5 2. c4 g6 3. e3 Bg7 4. Nc3 Nf6 5. d4 O-O 6. Be2 cxd4 7. Nxd4 Nc6 8. O-O Nxd4 9. Qxd4 d6 10. Qh4 Be6 {A35: Symmetrical English: 2 Nc3 Nc6 3 Nf3.} 11. Bd2 Rc8 12. Rfd1 a6 {The position is equal.} 13. Rac1 {[#]} h6 $146 ({Predecessor:} 13... Re8 14. b3 Qc7 15. e4 Qc5 16. Be3 Qa5 17. Na4 Nd7 18. Bd2 Qc7 19. Nc3 Bf6 {1-0 (42) Gorusa,M (2136)-Polacik,I (2199) Slovakia 2011}) 14. b3 Bd7 (14... g5 $5 {[%cal Rg5h4]} 15. Qd4 Nd7 $11) 15. e4 Kh7 16. g4 Ng8 17. Be3 ({Better is} 17. Rc2 $14) 17... Bc6 (17... Qa5 $1 $11 18. Bd2 g5) 18. g5 Qa5 19. Nd5 Bxd5 20. exd5 Qxa2 21. Bg4 Rb8 22. Rd3 b5 23. c5 dxc5 24. Bxc5 Qb2 25. Rcd1 Qe5 26. Be3 f5 27. gxf6 Nxf6 28. Be6 $1 g5 (28... Qe4 $11 29. Rd4 Qxh4 30. Rxh4 Ne8) 29. Qh3 $14 {[%mdl 1024] White has compensation.} Ne4 30. Bg4 {Black must now prevent Bd4.} (30. d6 $5 {[%cal Rd3d5]} g4 31. Bxg4 (31. Qxg4 Rf6 $17) 31... Nxd6 32. Rd5 $11) 30... Qf6 {[%cal Re4f2]} 31. Rf1 Qg6 32. Bh5 Qd6 33. Bg4 {next Bf5+ is good for White.} Nc5 (33... Qg6 $11) 34. Rdd1 Nxb3 {[#]} 35. Bxg5 ({White should play} 35. f4 $1 $16 {[%mdl 512]}) 35... Nc5 $2 (35... Nd4 $1 $15 {keeps the upper hand.} 36. Rxd4 {[%mdl 64] Remove Defender} Bxd4) 36. Rfe1 $16 Rb7 {[#]} 37. Bf5+ $1 Kh8 $2 {[%mdl 8192] [#] Black cannot hold the game after this.} (37... Kg8 $16 {was worth a try.}) 38. Re6 $1 $18 {[%mdl 512]} Rxf5 (38... Nxe6 39. Bxh6) 39. Bxh6 Nxe6 40. Bf4+ $1 {[%mdl 64] Discovered Attack. White is winning.} Kg8 41. Bxd6 Rg5+ 42. Bg3 {Accuracy: White = 79%, Black = 70%.} 1-0

[Event "3. Open Bohumin 2020"]
[Site "Bohumin"]
[Date "2020.07.22"]
[Round "5.11"]
[White "Kula, Dominik"]
[Black "Kersten, Julian"]
[Result "1-0"]
[WhiteElo "2250"]
[BlackElo "2005"]
[Annotator "TA"]
[PlyCount "138"]
[EventDate "2020.07.18"]
[EventType "swiss"]
[EventCountry "CZE"]
[SourceTitle "playchess.com"]
[Source "ChessBase"]
[SourceQuality "1"]

{[%evp 11,138,-1,10,0,0,0,0,8,0,0,0,0,0,0,8,-25,-34,-102,-89,-114,-120,-119,-122,-135,-127,-128,-130,-138,-129,-141,-92,-146,-146,-135,-140,-172,-141,-151,-161,-178,-82,-85,-79,-85,-92,-107,-16,-36,143,154,205,219,288,101,107,107,90,8,8,8,8,8,8,8,12,8,8,8,54,49,37,0,93,79,104,8,8,8,137,132,174,150,187,171,185,171,376,364,287,229,651,656,635,459,541,476,977,971,773,732,796,785,1065,1050,931,309,248,0,931,931,3634,3130,4511,3705,7937,6495,1551,5079,4890,1794,29979,29980,29980,29981,29981,29982,29983,29984,29983]} 1. e4 e6 2. d4 d5 3. Nc3 Bb4 4. e5 Ne7 5. Bd2 b6 6. Qg4 Nf5 7. Bd3 {C16: French: 3 Nc3 Bb4 4 e5: Lines without ...c5.} h5 8. Qf4 g5 9. Qxg5 {The position is equal.} Qxg5 10. Bxg5 {Threatens to win with Nge2.} Nxd4 11. O-O-O Be7 $36 {[%mdl 2048] Black fights for an advantage.} 12. h4 c5 {[#]} 13. Nce2 $146 ({Predecessor:} 13. Nb5 Nxb5 14. Bxb5+ Bd7 15. Be2 Nc6 16. f4 b5 17. Bf3 b4 18. Ne2 a5 19. Ng3 {1-0 (39) Harmon Vellotti,L (2455)-Lee,A (2226) Burlingame 2019}) 13... Ndc6 {White must now prevent ...c4.} 14. Bxe7 (14. Bb5 $15) 14... Kxe7 $17 15. Ng3 Nxe5 16. Be2 Ng4 17. Nh3 Ba6 18. Rhe1 Bxe2 19. Rxe2 Nf6 20. Nf4 {White wants to play Nxd5+.} d4 21. Re5 ({White should try} 21. Rde1) 21... Nc6 22. Rg5 {[%cal Rf4h5]} Rag8 23. Rg1 Rxg5 24. hxg5 Ng4 25. g6 Rg8 (25... Nxf2 $19 {...h4 is the strong threat.} 26. Re1 Ng4 27. gxf7 Nce5) 26. gxf7 Kxf7 27. Nfxh5 Ke7 28. Ne4 Rh8 (28... Rf8 $17 29. Rf1 Nb4) 29. Nf4 {aiming for Ng6+.} Rh2 $2 (29... Kd7 $15 {stays ahead.}) 30. Nh3 $1 $16 {[#]} Nge5 (30... d3 $1 $16 {[%mdl 512]}) 31. Nd2 $1 $18 d3 32. Nf1 $2 (32. c3 $1 $18 {is the precise move to win.}) 32... Rxh3 $16 33. gxh3 {[%mdl 4096] Endgame KRN-KNN} Nd4 {Strongly threatening ...Ne2+.} 34. Rg5 (34. Rg7+ $16 Kf6 35. Rxa7 dxc2 36. Ra3) 34... Kf6 $11 35. Rxe5 Kxe5 36. cxd3 {KN-KN} Kf4 37. Ne3 Kf3 38. Nd1 Ne2+ 39. Kd2 Nf4 40. h4 Kg4 41. Ke3 Ng6 (41... Kf5 $11 {remains equal.}) 42. Ke4 $16 Nxh4 43. Ne3+ (43. Nc3 $1 $16) 43... Kg5 $11 44. Nc4 Kf6 (44... Nf5 $11) 45. Nd6 $1 $16 a6 46. Nc8 b5 {[#]} 47. Nd6 $1 Ng6 48. Nb7 c4 $2 (48... Ne5) 49. dxc4 $18 bxc4 50. Nd6 Nf8 $2 (50... c3 51. bxc3 Nf8) 51. Nxc4 Nd7 52. b4 Ke7 53. Kd4 Kd8 (53... Nf6 $142 54. Kc5 Kd7) 54. Ne5 Nf6 55. Nd3 Nd5 56. a3 Ke7 57. Kc5 Kd7 58. Ne5+ $2 (58. f4 Kc7 {[#]} 59. f5 $1 {[%mdl 512]}) 58... Kc7 59. Nd3 $2 (59. Kd4) 59... Kd7 $1 60. f4 Kc7 {[#]} 61. f5 $1 {[%mdl 512]} Kd7 (61... exf5 62. Kxd5) 62. Ne5+ Ke7 63. Nc6+ Kf6 64. fxe6 (64. Nd4 $142 Nc7 65. fxe6) 64... Kxe6 65. Nb8 a5 66. bxa5 {[%cal Bb4a5,Ba5a6][%mdl 32] White mates.} Ne7 67. a6 Nc8 68. Kc6 Ne7+ 69. Kb7 Kd5 {Quite a comeback for White. Accuracy: White = 74%, Black = 50%.} 1-0

[Event "3. Open Bohumin 2020"]
[Site "Bohumin"]
[Date "2020.07.22"]
[Round "5.12"]
[White "Panek, Bartosz"]
[Black "Lojek, Marek"]
[Result "1-0"]
[WhiteElo "1988"]
[BlackElo "2196"]
[Annotator "TA"]
[PlyCount "69"]
[EventDate "2020.07.18"]
[EventType "swiss"]
[EventCountry "CZE"]
[SourceTitle "playchess.com"]
[Source "ChessBase"]
[SourceQuality "1"]

{[%evp 11,69,0,0,-27,0,0,0,0,0,0,0,0,0,0,0,0,0,0,0,0,0,0,0,0,0,0,0,0,4,0,51,16,18,10,19,11,34,31,198,206,199,198,458,346,337,273,1091,1067,1297,1443,29987,29988,29988,29989,29995,29996,29996,29997,29997,29998]} 1. e4 e5 2. Nf3 Nc6 3. Bc4 Bc5 4. c3 Nf6 5. d4 exd4 6. cxd4 Bb4+ 7. Nbd2 {C54: Giuoco Piano: 4 c3 Nf6, main lines with 5 d4 and 5 d3.} Nxe4 (7... Bxd2+ $5 8. Bxd2 Nxe4 $11) 8. d5 Nxd2 9. Bxd2 {The position is equal.} Bxd2+ 10. Qxd2 Ne7 $1 11. d6 cxd6 12. O-O O-O {[#]} 13. Ng5 $146 ({Predecessor:} 13. Rad1 d5 14. Bxd5 Nxd5 15. Qxd5 d6 16. b3 Rb8 17. Qxd6 Qxd6 18. Rxd6 Re8 19. h3 {0-1 (49) Roberson,P (2412)-Bacrot,E (2722) chess.com INT 2018}) 13... d5 14. Qd3 {[%csl Gg5][%cal Rd3h7]} g6 15. Bxd5 Nxd5 16. Qxd5 d6 17. Ne4 Be6 18. Qd4 {Black should prevent Nf6+.} f5 19. Nxd6 Qf6 20. Qb4 Bd5 ({Black should try} 20... Rfd8 $11) 21. Qc5 Bc6 22. b4 Rfd8 23. Rad1 a6 24. Rfe1 {Black must now prevent Qc4+.} Rf8 $2 {[#] This costs Black the game.} ({Better is} 24... Rd7 $14) 25. Qc4+ $1 $18 Kh8 {[#]} 26. Re6 $1 {[%cal Re6f6]} Qg5 $2 (26... Qg7 27. Rde1 Rad8) 27. Qc3+ Kg8 {[%csl Gc6][%cal Rg5g2]} 28. f3 {Strongly threatening Qc4.} Rad8 $2 (28... Bd7 29. f4 (29. Ne4 fxe4 30. Rxd7 Rf7 $16) 29... Qd8) 29. Qc4 {Intending Rxg6+ and mate.} Kg7 30. h4 Qg3 31. Re7+ {White mates.} Kh6 32. Qd4 Bxf3 33. Qg7+ {[%mdl 64] Double Attack} Kh5 34. Qxh7+ Kg4 35. Qxg6+ {Accuracy: White = 88%, Black = 57%.} 1-0

[Event "3. Open Bohumin 2020"]
[Site "Bohumin"]
[Date "2020.07.22"]
[Round "5.13"]
[White "Rodshtein, Tereza"]
[Black "Grochol, Kamil"]
[Result "*"]
[WhiteElo "2186"]
[BlackElo "2023"]
[Annotator "RC"]
[PlyCount "57"]
[EventDate "2020.07.18"]
[EventType "swiss"]
[EventCountry "CZE"]
[SourceTitle "playchess.com"]
[Source "ChessBase"]
[SourceQuality "1"]
[TimeControl "40/5400+30:900+30"]

1. e4 {[%emt 0:00:37]} e5 {[%emt 0:00:00]} 2. Nf3 {[%emt 0:00:46]} Nc6 {[%emt 0:00:14]} 3. Nc3 {[%emt 0:01:38]} Nf6 {[%emt 0:01:01]} 4. Bb5 {[%emt 0:00:26]} d6 {[%emt 0:06:00]} 5. d4 {[%emt 0:05:40]} exd4 {[%emt 0:02:51]} 6. Qxd4 {[%emt 0:00:22]} Bd7 7. Bxc6 {[%emt 0:00:55]} Bxc6 {[%emt 0:06:01]} 8. Bg5 {[%emt 0:00:18]} Be7 {[%emt 0:02:59]} 9. O-O-O {[%emt 0:00:14]} O-O {[%emt 0:06:18]} 10. Rhe1 {[%emt 0:11:55]} h6 {[%emt 0:05:04]} 11. Bh4 {[%emt 0:06:07]} Re8 {[%emt 0:04:43]} 12. e5 {[%emt 0:06:02]} dxe5 {[%emt 0:05:26]} 13. Qc4 {[%emt 0:00:33]} Nd7 {[%emt 0:19:04]} 14. Nxe5 {[%emt 0:16:37]} Bxh4 {[%emt 0:07:18]} 15. Qxf7+ {[%emt 0:05:27]} Kh8 {[%emt 0:02:43]} 16. Nxc6 {[%emt 0:04:46]} bxc6 {[%emt 0:04:08]} 17. Rxe8+ {[%emt 0:00:52]} Qxe8 {[%emt 0:00:05]} 18. Qxe8+ {[%emt 0:00:05]} Rxe8 {[%emt 0:00:06]} 19. Rxd7 {[%emt 0:00:07]} Bxf2 {[%emt 0:03:06]} 20. Rxc7 {[%emt 0:03:05]} Re1+ {[%emt 0:02:42]} 21. Kd2 {[%emt 0:00:07]} Rg1 {[%emt 0:01:13]} 22. Rxc6 {[%emt 0:06:17]} Rxg2 {[%emt 0:00:32]} 23. h3 {[%emt 0:02:03]} Rh2 {[%emt 0:01:54]} 24. Ne2 {[%emt 0:00:13]} Rxh3 {[%emt 0:02:42]} 25. c4 {[%emt 0:00:26]} Kg8 {[%emt 0:01:17]} 26. c5 {[%emt 0:01:48]} g5 {[%emt 0:02:54]} 27. Rc8+ {[%emt 0:00:36]} Kf7 {[%emt 0:00:29]} 28. c6 {[%emt 0:00:41]} Ke7 {[%emt 0:00:28]} 29. b4 {[%emt 0:04:55]} *